000 00472nam a2200193Ia 4500
008 131103s9999 xx 000 0 und d
020 _a356041026
040 _aLoreto College
041 _aEnglish
082 _aREF
_bLCBED/9883
245 _aPhotography
260 _aLondon
_bMacdonald Educational
_c1974
300 _a31p.
_b pic.
_c 20cm
440 _aMacdonald First Library
504 _aIncludes index
650 _aREF
850 _aLCBED/REF
942 _cBK
999 _c33341
_d83820